[Event "Asian Games tt"]
[Site "Hangzhou"]
[Date "2023.10.07"]
[Round "9.17"]
[White "Hossain, Enamul"]
[Black "Suleymenov, Alisher"]
[Result "1/2-1/2"]
[WhiteElo "2369"]
[BlackElo "2512"]
[PlyCount "90"]
[EventDate "2023.09.29"]
[EventType "team-tourn"]
[EventRounds "9"]
[EventCountry "CHN"]
[SourceTitle "EXT 2024"]
[Source "ChessBase"]
[SourceDate "2023.10.10"]
[SourceVersion "1"]
[SourceVersionDate "2023.10.10"]
[SourceQuality "1"]
[WhiteTeam "Bangladesh"]
[BlackTeam "Kazakhstan"]
[WhiteTeamCountry "BAN"]
[BlackTeamCountry "KAZ"]

1. e4 c5 2. Nf3 Nc6 3. d4 cxd4 4. Nxd4 e5 5. Nb5 d6 6. N1c3 a6 7. Na3 Be6 8. Nc4 b5 9. Ne3 Nf6 10. g3 h5 11. h4 g6 12. Bg2 Bh6 13. 0-0 0-0 14. Ncd5 Bxd5 15. Nxd5 Bxc1 16. Rxc1 Nxd5 17. Qxd5 Nd4 18. Rfe1 Qe7 19. c3 Ne6 20. Rcd1 Rfd8 21. Qd2 Rab8 22. Qh6 b4 23. Rd2 bxc3 24. bxc3 Rdc8 25. Qe3 Rc6 26. Bf1 Kg7 27. Rc1 Qc7 28. Bh3 Nd4 29. Kh2 Rb5 30. f4 Rbc5 31. Rd3 Nb5 32. fxe5 Rxe5 33. a4 Na3 34. Qd4 Nc4 35. Rb1 Na5 36. Rf1 Nb3 37. Qf2 Nc5 38. Rf3 Re7 39. Qd4+ Kg8 40. Qd5 Rb6 41. Rf6 Kg7 42. Qd4 Kh7 43. Qd5 Kg7 44. Qd4 Kh7 45. Qd5 Kg7 1/2-1/2

[Event "Asian Games"]
[Site "Hangzhou"]
[Date "2023.09.25"]
[Round "4"]
[White "Kao, Jamison Edrich"]
[Black "Hossain, Enamul"]
[Result "0-1"]
[WhiteElo "1647"]
[BlackElo "2369"]
[PlyCount "66"]
[EventDate "2023.09.24"]
[EventType "swiss (rapid)"]
[EventRounds "9"]
[EventCountry "CHN"]
[SourceTitle "EXT 2024"]
[Source "ChessBase"]
[SourceDate "2023.10.10"]
[SourceVersion "1"]
[SourceVersionDate "2023.10.10"]
[SourceQuality "1"]

1. c4 c6 2. Nc3 d5 3. cxd5 cxd5 4. d4 Nf6 5. Nf3 Nc6 6. Bf4 a6 7. e3 Bg4 8. h3 Bxf3 9. Qxf3 Qb6 10. Rb1 e6 11. Be2 Be7 12. Qg3 0-0 13. 0-0 Rfc8 14. Rfc1 Na5 15. Bh6 Ne8 16. Bd3 Nc4 17. e4 Qxd4 18. Ne2 Qf6 19. Bxc4 Rxc4 20. Rxc4 dxc4 21. Bf4 Bc5 22. e5 Qg6 23. Qxg6 hxg6 24. b3 cxb3 25. Rxb3 b6 26. Nc3 Nc7 27. Ne4 Nd5 28. Bd2 Bd4 29. Bc3 Nxc3 30. Nxc3 Bxe5 31. Na4 b5 32. Nb6 Rd8 33. Ra3 Rd1# 0-1

[Event "Abu Dhabi op 29th"]
[Site "Abu Dhabi"]
[Date "2023.08.22"]
[Round "7"]
[White "Zou, Chen"]
[Black "Hossain, Enamul"]
[Result "1/2-1/2"]
[WhiteElo "2429"]
[BlackElo "2386"]
[PlyCount "60"]
[EventDate "2023.08.16"]
[EventType "swiss"]
[EventRounds "9"]
[EventCountry "UAE"]
[SourceTitle "EXT 2024"]
[Source "ChessBase"]
[SourceDate "2023.10.10"]
[SourceVersion "1"]
[SourceVersionDate "2023.10.10"]
[SourceQuality "1"]

1. c4 c6 2. Nf3 d5 3. d4 Nf6 4. Nc3 e6 5. Bg5 Nbd7 6. e3 Qa5 7. cxd5 Nxd5 8. Rc1 Nxc3 9. bxc3 Ba3 10. Rc2 b6 11. Bd3 Ba6 12. 0-0 Bxd3 13. Qxd3 0-0 14. e4 h6 15. Bh4 Rfe8 16. Rd1 Rac8 17. e5 Qa4 18. Re2 Bf8 19. c4 Be7 20. Bxe7 Rxe7 21. Rde1 Rd8 22. Qc3 Nf8 23. c5 Rd5 24. cxb6 axb6 25. Rb2 Nd7 26. Rb4 Qa8 27. a4 Re8 28. h3 Rd8 29. Qc2 c5 30. dxc5 Nxc5 1/2-1/2

[Event "Abu Dhabi op 29th"]
[Site "Abu Dhabi"]
[Date "2023.08.19"]
[Round "4"]
[White "Hossain, Enamul"]
[Black "Padmini, Rout"]
[Result "1/2-1/2"]
[WhiteElo "2386"]
[BlackElo "2351"]
[PlyCount "73"]
[EventDate "2023.08.16"]
[EventType "swiss"]
[EventRounds "9"]
[EventCountry "UAE"]
[SourceTitle "EXT 2024"]
[Source "ChessBase"]
[SourceDate "2023.10.10"]
[SourceVersion "1"]
[SourceVersionDate "2023.10.10"]
[SourceQuality "1"]

1. e4 c5 2. Nf3 e6 3. d4 cxd4 4. Nxd4 Nc6 5. Nc3 Qc7 6. Be3 a6 7. Qf3 Nf6 8. 0-0-0 b5 9. Nxc6 Qxc6 10. Be2 Bb7 11. e5 b4 12. exf6 bxc3 13. fxg7 cxb2+ 14. Kb1 Bxg7 15. Qg4 Rc8 16. Bd3 Bc3 17. f3 h5 18. Qh4 Qc7 19. Bf4 Qa5 20. Bd6 f6 21. Be4 Bxe4 22. Qxe4 f5 23. Qb7 Rc4 24. Rd3 Bf6 25. Rhd1 Qa4 26. Qb3 Qc6 27. f4 Rg8 28. Be5 Bxe5 29. fxe5 Rg7 30. Rd6 Qc8 31. Qf3 Rxc2 32. Qxh5+ Kf8 33. Qh8+ Rg8 34. Qh6+ Rg7 35. Qh8+ Rg8 36. Qh6+ Rg7 37. Qh8+ 1/2-1/2

[Event "Abu Dhabi op 29th"]
[Site "Abu Dhabi"]
[Date "2023.08.16"]
[Round "1"]
[White "Suleymanli, Aydin Elshan"]
[Black "Hossain, Enamul"]
[Result "1-0"]
[WhiteElo "2586"]
[BlackElo "2386"]
[PlyCount "71"]
[EventDate "2023.08.16"]
[EventType "swiss"]
[EventRounds "9"]
[EventCountry "UAE"]
[SourceTitle "EXT 2024"]
[Source "ChessBase"]
[SourceDate "2023.10.10"]
[SourceVersion "1"]
[SourceVersionDate "2023.10.10"]
[SourceQuality "1"]

1. e4 c5 2. Nf3 e6 3. d4 cxd4 4. Nxd4 Nc6 5. Nc3 Qc7 6. Be2 Nf6 7. Ndb5 Qb8 8. f4 a6 9. e5 axb5 10. exf6 b4 11. fxg7 Bxg7 12. Nb5 d5 13. 0-0 0-0 14. c3 Bd7 15. cxb4 Nxb4 16. a4 Bxb5 17. Bxb5 Qa7+ 18. Kh1 Qd4 19. Qb3 Rac8 20. f5 exf5 21. Bd7 Nd3 22. Bxc8 Rxc8 23. Bd2 Nf2+ 24. Rxf2 Qxf2 25. Qxd5 b6 26. Qd7 Rf8 27. Rd1 f4 28. Qd5 Re8 29. Bb4 h6 30. b3 Re3 31. Qf5 Bd4 32. Qg4+ Kh8 33. Qd7 Rd3 34. Qc8+ Kg7 35. Bf8+ Kf6 36. Qc6+ 1-0

[Event "Titled Tuesday intern op 13th Jun Early"]
[Site "Chess.com INT"]
[Date "2023.06.13"]
[Round "2"]
[White "Mouhamad, Joachin"]
[Black "Hossain, Enamul"]
[Result "1-0"]
[WhiteElo "2268"]
[BlackElo "2379"]
[PlyCount "83"]
[EventDate "2023.06.13"]
[EventType "swiss (blitz)"]
[EventRounds "11"]
[EventCountry "USA"]
[SourceTitle "EXT 2024"]
[Source "ChessBase"]
[SourceDate "2023.10.10"]
[SourceVersion "1"]
[SourceVersionDate "2023.10.10"]
[SourceQuality "1"]

1. e4 c5 2. Nf3 Nc6 3. d4 cxd4 4. Nxd4 Nf6 5. Nc3 e5 6. Ndb5 d6 7. Bg5 a6 8. Na3 b5 9. Nd5 Be7 10. Bxf6 Bxf6 11. c3 Rb8 12. Nc2 Bg5 13. Be2 0-0 14. 0-0 Be6 15. Qd3 a5 16. Rad1 Ne7 17. Nxe7+ Bxe7 18. a3 Qd7 19. Ne3 Rfc8 20. Nd5 Bd8 21. b4 Bxd5 22. exd5 f5 23. Rc1 Bg5 24. Rb1 e4 25. Qh3 axb4 26. Rxb4 Bd2 27. Rb3 Qf7 28. c4 bxc4 29. Rxb8 Rxb8 30. Bxc4 Qf6 31. a4 g6 32. Qa3 Ba5 33. Bb5 Qe5 34. Rc1 Bd2 35. Rd1 e3 36. fxe3 Bxe3+ 37. Kh1 Bc5 38. Qa1 Qe3 39. h3 f4 40. Bd7 f3 41. Be6+ Kf8 42. Qf6+ 1-0

[Event "Asian Continental op 20th"]
[Site "Almaty"]
[Date "2023.06.05"]
[Round "2"]
[White "Hossain, Enamul"]
[Black "Ilkhomi, Jaloliddin"]
[Result "1-0"]
[WhiteElo "2379"]
[BlackElo "1994"]
[PlyCount "101"]
[EventDate "2023.06.04"]
[EventType "swiss"]
[EventRounds "9"]
[EventCountry "KAZ"]
[SourceTitle "CBM 214 Extra"]
[Source "ChessBase"]
[SourceDate "2023.07.31"]
[SourceVersion "1"]
[SourceVersionDate "2023.07.31"]
[SourceQuality "1"]

1. e4 e6 2. d4 d5 3. Nc3 Bb4 4. e5 c5 5. a3 Bxc3+ 6. bxc3 Qa5 7. Bd2 Qa4 8. Qg4 Kf8 9. h4 Nc6 10. h5 h6 11. Qf4 Nge7 12. Rh3 Ke8 13. dxc5 Qxf4 14. Bxf4 f6 15. Nf3 b6 16. cxb6 axb6 17. Bd3 Ba6 18. Kd2 Kf7 19. Rhh1 Bxd3 20. cxd3 g5 21. hxg6+ Nxg6 22. Rxh6 Rxh6 23. Bxh6 Ngxe5 24. Nxe5+ Nxe5 25. Bf4 Nd7 26. Bd6 e5 27. Rh1 Nc5 28. Bxc5 bxc5 29. Ra1 Ra4 30. Kc2 c4 31. dxc4 dxc4 32. Kb2 Ke6 33. Kc2 f5 34. g3 e4 35. Kd2 Ke5 36. Ke3 Kf6 37. Kf4 Ra5 38. a4 Rd5 39. g4 fxg4 40. a5 Rf5+ 41. Kxg4 Ke5 42. a6 Rf4+ 43. Kg5 Rf5+ 44. Kg6 Rf8 45. a7 Rg8+ 46. Kf7 Ra8 47. Ke7 Kf4 48. Kd6 e3 49. fxe3+ Kxe3 50. Kc5 Kd3 51. Kb4 1-0

[Event "Asian Continental op 20th"]
[Site "Almaty"]
[Date "2023.06.04"]
[Round "1"]
[White "Dumanuly, Sultanbeibarys"]
[Black "Hossain, Enamul"]
[Result "1/2-1/2"]
[WhiteElo "1736"]
[BlackElo "2379"]
[PlyCount "90"]
[EventDate "2023.06.04"]
[EventType "swiss"]
[EventRounds "9"]
[EventCountry "KAZ"]
[SourceTitle "CBM 214 Extra"]
[Source "ChessBase"]
[SourceDate "2023.07.31"]
[SourceVersion "1"]
[SourceVersionDate "2023.07.31"]
[SourceQuality "1"]

1. e4 c5 2. Nf3 Nc6 3. d4 cxd4 4. Nxd4 Nf6 5. Nc3 e5 6. Ndb5 d6 7. Bg5 a6 8. Na3 b5 9. Nd5 Be7 10. Bxf6 Bxf6 11. c4 b4 12. Nc2 a5 13. g3 0-0 14. Bg2 Be6 15. 0-0 Bg5 16. Qd3 Rb8 17. b3 Qd7 18. Rad1 Qa7 19. Kh1 Bd8 20. f4 f6 21. Nde3 Bc7 22. Nf5 Bxf5 23. exf5 Ne7 24. Ne3 Bb6 25. Qxd6 Bxe3 26. Qe6+ Kh8 27. Rd7 Qc5 28. Qxe7 Qxe7 29. Rxe7 exf4 30. gxf4 Rfc8 31. Re6 Bc5 32. Rfe1 Rd8 33. Bd5 Bd6 34. Kg2 Bxf4 35. Ra6 Be5 36. Rxa5 Rd7 37. a4 bxa3 38. Rxa3 g6 39. fxg6 hxg6 40. Rb1 Bc3 41. Ra4 Bb4 42. Rba1 Kg7 43. Ra8 Rdd8 44. R8a7+ Kh6 45. Rd1 Re8 1/2-1/2

[Event "Titled Tuesday intern op 30th May Late"]
[Site "Chess.com INT"]
[Date "2023.05.30"]
[Round "9"]
[White "Hossain, Enamul"]
[Black "Toncheva, Nadya"]
[Result "1-0"]
[WhiteElo "2379"]
[BlackElo "2295"]
[PlyCount "65"]
[EventDate "2023.05.30"]
[EventType "swiss (blitz)"]
[EventRounds "11"]
[EventCountry "USA"]
[SourceTitle "CBM 214 Extra"]
[Source "ChessBase"]
[SourceDate "2023.07.31"]
[SourceVersion "1"]
[SourceVersionDate "2023.07.31"]
[SourceQuality "1"]

1. e4 c5 2. Nf3 Nc6 3. d4 cxd4 4. Nxd4 g6 5. Nc3 Bg7 6. Be3 Nf6 7. Nb3 0-0 8. Be2 d6 9. Qd2 a6 10. Bh6 Be6 11. 0-0-0 b5 12. Bxg7 Kxg7 13. Qe3 Ne5 14. f4 Nc4 15. Bxc4 bxc4 16. Nd4 Qc8 17. f5 Bd7 18. h3 Rb8 19. e5 dxe5 20. Qxe5 Qb7 21. g4 Kg8 22. b3 cxb3 23. axb3 Rbc8 24. Qxe7 Nd5 25. Nxd5 Qxd5 26. fxg6 hxg6 27. Qf6 Qe4 28. Rhe1 Qg2 29. Re2 Qxh3 30. Rd3 Qxg4 31. Kb2 Rfe8 32. Rh2 Rxc2+ 33. Nxc2 1-0

[Event "Titled Tuesday intern op 30th May Late"]
[Site "Chess.com INT"]
[Date "2023.05.30"]
[Round "8"]
[White "Jarovinsky, Alexey"]
[Black "Hossain, Enamul"]
[Result "1-0"]
[WhiteElo "2305"]
[BlackElo "2379"]
[PlyCount "93"]
[EventDate "2023.05.30"]
[EventType "swiss (blitz)"]
[EventRounds "11"]
[EventCountry "USA"]
[SourceTitle "CBM 214 Extra"]
[Source "ChessBase"]
[SourceDate "2023.07.31"]
[SourceVersion "1"]
[SourceVersionDate "2023.07.31"]
[SourceQuality "1"]

1. Nc3 d5 2. e4 dxe4 3. Nxe4 Bf5 4. Qf3 Bg6 5. h4 Nc6 6. Bb5 e6 7. h5 Bxe4 8. Qxe4 Qd5 9. Qxd5 exd5 10. Nf3 h6 11. 0-0 Bd6 12. Re1+ Nge7 13. d4 0-0-0 14. c3 a6 15. Bd3 Rde8 16. Bd2 Nd8 17. Nh4 Ne6 18. g3 c6 19. Re2 Ng5 20. Rae1 Kd8 21. f4 Nh7 22. Bxh7 Rxh7 23. Nf5 Nxf5 24. Rxe8+ Kd7 25. Kg2 g6 26. hxg6 fxg6 27. Rg8 Ne7 28. Rf8 h5 29. Rf6 Rg7 30. Ree6 Bc7 31. Kh3 Bd8 32. a4 Bc7 33. b3 Ba5 34. Be1 Bd8 35. Kg2 Rh7 36. Kf3 Rg7 37. Kg2 Rh7 38. Kh3 Rg7 39. c4 Rh7 40. Bb4 Nf5 41. Rxg6 Nxd4 42. Rd6+ Kc7 43. cxd5 Be7 44. Ba5+ b6 45. Rxc6+ Nxc6 46. Rxc6+ Kd7 47. Bxb6 1-0

[Event "Titled Tuesday intern op 30th May Late"]
[Site "Chess.com INT"]
[Date "2023.05.30"]
[Round "7"]
[White "Kovalevsky, Stanislav"]
[Black "Hossain, Enamul"]
[Result "0-1"]
[WhiteElo "2237"]
[BlackElo "2379"]
[PlyCount "84"]
[EventDate "2023.05.30"]
[EventType "swiss (blitz)"]
[EventRounds "11"]
[EventCountry "USA"]
[SourceTitle "CBM 214 Extra"]
[Source "ChessBase"]
[SourceDate "2023.07.31"]
[SourceVersion "1"]
[SourceVersionDate "2023.07.31"]
[SourceQuality "1"]

1. c4 c5 2. Nc3 Nc6 3. g3 g6 4. Bg2 Bg7 5. a3 a5 6. Nf3 d6 7. e3 e5 8. 0-0 Be6 9. d3 h6 10. Re1 Nge7 11. Bd2 0-0 12. Nb5 d5 13. cxd5 Nxd5 14. d4 e4 15. Ne5 Nxe5 16. dxe5 Bxe5 17. Bxe4 Bxb2 18. Rb1 Bg7 19. Qc2 Qe7 20. Red1 Rfd8 21. Be1 b6 22. Nc3 Nxc3 23. Bxc3 Rxd1+ 24. Rxd1 Rd8 25. Bxg7 Rxd1+ 26. Qxd1 Kxg7 27. Bf3 Qf6 28. Kg2 Qb2 29. Qd6 c4 30. h4 h5 31. Be4 b5 32. Qc7 b4 33. axb4 axb4 34. g4 hxg4 35. h5 Qf6 36. Qb8 gxh5 37. Qxb4 h4 38. Qc5 Kh6 39. Qf8+ Qg7 40. Qd8 Kh5 41. Qd1 h3+ 42. Kg1 Qe5 0-1

[Event "Titled Tuesday intern op 16th May Early"]
[Site "Chess.com INT"]
[Date "2023.05.16"]
[Round "4"]
[White "Gutkin, Ilya"]
[Black "Hossain, Enamul"]
[Result "0-1"]
[WhiteElo "2273"]
[BlackElo "2379"]
[PlyCount "66"]
[EventDate "2023.05.16"]
[EventType "swiss (blitz)"]
[EventRounds "11"]
[EventCountry "USA"]
[SourceTitle "CBM 214 Extra"]
[Source "ChessBase"]
[SourceDate "2023.07.31"]
[SourceVersion "1"]
[SourceVersionDate "2023.07.31"]
[SourceQuality "1"]

1. Nf3 Nf6 2. g3 g6 3. b3 Bg7 4. Bb2 0-0 5. Bg2 c5 6. c4 d6 7. d4 d5 8. dxc5 dxc4 9. 0-0 Qa5 10. bxc4 Rd8 11. Qb3 Qxc5 12. Nc3 Nc6 13. Qb5 Nd7 14. Rfd1 a6 15. Qxc5 Nxc5 16. Rxd8+ Nxd8 17. Rd1 Be6 18. Ba3 Bxc3 19. Bxc5 Nc6 20. Ng5 Bg4 21. Kf1 h6 22. Ne4 Bg7 23. Bb6 Rc8 24. c5 Nd4 25. f3 Be6 26. Rd2 Nf5 27. Kf2 Bd4+ 28. Ke1 Bg1 29. h4 Ne3 30. Bf1 Nd5 31. Bh3 f5 32. Kf1 Be3 33. Rb2 Kf7 0-1

[Event "Titled Tuesday intern op 16th May Early"]
[Site "Chess.com INT"]
[Date "2023.05.16"]
[Round "10"]
[White "Hossain, Enamul"]
[Black "Bharath, Subramaniyam H"]
[Result "1-0"]
[WhiteElo "2379"]
[BlackElo "2517"]
[PlyCount "137"]
[EventDate "2023.05.16"]
[EventType "swiss (blitz)"]
[EventRounds "11"]
[EventCountry "USA"]
[SourceTitle "CBM 214 Extra"]
[Source "ChessBase"]
[SourceDate "2023.07.31"]
[SourceVersion "1"]
[SourceVersionDate "2023.07.31"]
[SourceQuality "1"]

1. e4 c5 2. Nf3 Nf6 3. e5 Nd5 4. g3 Nc6 5. Bg2 d6 6. exd6 e6 7. 0-0 Bxd6 8. Na3 0-0 9. d3 Be7 10. Re1 Bf6 11. Nc4 Nd4 12. c3 Nxf3+ 13. Qxf3 Bd7 14. Ne5 Bxe5 15. Rxe5 Bc6 16. Qe2 Rc8 17. Bd2 b6 18. Re1 Ne7 19. Bg5 Bxg2 20. Kxg2 Qd7 21. Bxe7 Qxe7 22. Qf3 Rfd8 23. h4 Qd7 24. R1e3 Qa4 25. h5 h6 26. a3 Qb5 27. b4 Qa4 28. g4 cxb4 29. cxb4 Qc6 30. R3e4 Qc3 31. Re3 Qc6 32. R3e4 Qd6 33. d4 Qe7 34. d5 Qb7 35. dxe6 fxe6 36. Rxe6 Rf8 37. Rf4 Qxf3+ 38. Rxf3 Rxf3 39. Kxf3 Rc3+ 40. Re3 Rc2 41. Kg3 Ra2 42. f3 a5 43. bxa5 bxa5 44. Kf4 a4 45. Kf5 Kf7 46. Rc3 Rb2 47. Rc7+ Kg8 48. Rc4 Rb3 49. f4 Rb5+ 50. Ke6 Ra5 51. f5 Ra6+ 52. Ke5 Kf7 53. Rc7+ Kf8 54. Rd7 Rb6 55. Rd4 Ra6 56. Kd5 Kf7 57. Kc5 Kf6 58. Kb5 Ra8 59. Rxa4 Rb8+ 60. Kc6 Kg5 61. Rb4 Rc8+ 62. Kd7 Rc3 63. a4 Rc5 64. Kd6 Ra5 65. Kc6 Ra8 66. Kb7 Re8 67. a5 Re1 68. a6 Re7+ 69. Kb6 1-0

[Event "Titled Tuesday intern op 16th May Early"]
[Site "Chess.com INT"]
[Date "2023.05.16"]
[Round "6"]
[White "Sowinski, Pawel"]
[Black "Hossain, Enamul"]
[Result "0-1"]
[WhiteElo "2313"]
[BlackElo "2379"]
[PlyCount "84"]
[EventDate "2023.05.16"]
[EventType "swiss (blitz)"]
[EventRounds "11"]
[EventCountry "USA"]
[SourceTitle "CBM 214 Extra"]
[Source "ChessBase"]
[SourceDate "2023.07.31"]
[SourceVersion "1"]
[SourceVersionDate "2023.07.31"]
[SourceQuality "1"]

1. e4 c5 2. Nf3 Nc6 3. d4 cxd4 4. Nxd4 Nf6 5. Nc3 e5 6. Ndb5 d6 7. Bg5 a6 8. Na3 b5 9. Nd5 Be7 10. Bxf6 Bxf6 11. c3 Rb8 12. Nc2 Bg5 13. a4 bxa4 14. Ncb4 Nxb4 15. cxb4 0-0 16. Qxa4 Be6 17. Bc4 Qc8 18. b3 Bxd5 19. exd5 e4 20. 0-0 e3 21. fxe3 Bxe3+ 22. Kh1 Qb7 23. Qxa6 Qxb4 24. Rf3 Bc5 25. Raf1 g6 26. Qc6 Rb7 27. Qa6 Ra7 28. Qc6 Qd2 29. Qb5 Ra2 30. Rg3 Bd4 31. Qd7 Be5 32. Rg4 h5 33. Rxg6+ fxg6 34. Qe6+ Kh7 35. Qe7+ Bg7 36. Rg1 Rf2 37. Qe4 Qd4 38. Qb1 Rfb2 39. Qf1 Rd2 40. Qb1 Qf2 41. Bd3 Bd4 42. Bxg6+ Kh6 0-1

[Event "Asia zt 3.2"]
[Site "Dhaka"]
[Date "2023.05.06"]
[Round "5"]
[White "Zia, Tahsin Tajwar"]
[Black "Hossain, Enamul"]
[Result "1/2-1/2"]
[WhiteElo "2315"]
[BlackElo "2379"]
[PlyCount "169"]
[EventDate "2023.05.02"]
[EventType "swiss"]
[EventRounds "9"]
[EventCountry "BAN"]
[SourceTitle "CBM 214 Extra"]
[Source "ChessBase"]
[SourceDate "2023.07.31"]
[SourceVersion "1"]
[SourceVersionDate "2023.07.31"]
[SourceQuality "1"]

1. d4 g6 2. e4 Bg7 3. Nf3 d6 4. Be3 c6 5. Nc3 b5 6. Bd3 Nd7 7. 0-0 Ngf6 8. Re1 0-0 9. Qd2 e5 10. dxe5 dxe5 11. a4 b4 12. Nd1 a5 13. b3 Qe7 14. Nb2 Nc5 15. Bh6 Bg4 16. Bxg7 Kxg7 17. Qe3 Bxf3 18. Qxf3 Rad8 19. Re3 Rfe8 20. h3 Nh5 21. Nc4 Qc7 22. g3 Nf6 23. Rae1 h5 24. Qg2 Rd4 25. f4 Ncd7 26. Rf1 h4 27. f5 Rh8 28. fxg6 fxg6 29. gxh4 Rxh4 30. Rg3 Rh6 31. Ne3 Kh7 32. Kh2 Qd8 33. Bc4 Qe8 34. Ng4 Nxg4+ 35. Rxg4 Rd6 36. Rg3 Rf6 37. Rgf3 Qe7 38. Qf2 g5 39. Qa7 Qg7 40. Qe3 g4 41. Rg3 Rxh3+ 42. Rxh3+ gxh3 43. Rg1 Rg6 44. Qxh3+ Qh6 45. Rxg6 Kxg6 46. Qxh6+ Kxh6 47. Kg3 Kg5 48. Kf3 Kh4 49. Be6 Nf6 50. Bf7 Kg5 51. Be6 Kg6 52. Bc8 c5 53. Be6 Ne8 54. Bd5 Kg5 55. Kg3 Nf6 56. Bc6 Kg6 57. Kh4 Ng8 58. Kg4 Kf6 59. Bd5 Ne7 60. Bb7 Ng6 61. Ba6 Nf4 62. Bc4 Ng2 63. Bd3 Ne1 64. Kh5 Nf3 65. Kg4 Nd4 66. Kh5 Ne6 67. Kh6 Ng5 68. Kh5 Nf7 69. Bc4 Ng5 70. Bd5 Nf3 71. Bc4 Nd4 72. Bd3 c4 73. Bxc4 Nxc2 74. Bd5 Ne3 75. Bg8 Nd1 76. Bc4 Nf2 77. Bd5 Nd3 78. Kg4 Kg6 79. Bc4 Nf4 80. Kh4 Ng2+ 81. Kg3 Ne3 82. Bd5 Kf6 83. Kf3 Nd1 84. Ke2 Nc3+ 85. Kd3 1/2-1/2

[Event "Asia zt 3.2"]
[Site "Dhaka"]
[Date "2023.05.04"]
[Round "3"]
[White "Hossain, Enamul"]
[Black "Rahman, Tahmidur"]
[Result "1-0"]
[WhiteElo "2379"]
[BlackElo "2171"]
[PlyCount "80"]
[EventDate "2023.05.02"]
[EventType "swiss"]
[EventRounds "9"]
[EventCountry "BAN"]
[SourceTitle "CBM 214 Extra"]
[Source "ChessBase"]
[SourceDate "2023.07.31"]
[SourceVersion "1"]
[SourceVersionDate "2023.07.31"]
[SourceQuality "1"]

1. e4 c5 2. Nf3 e6 3. b3 Nc6 4. Bb2 Nf6 5. e5 Nd5 6. g3 g6 7. c4 Nde7 8. Nc3 Nf5 9. Ne4 Bg7 10. Bh3 0-0 11. 0-0 d6 12. Bxf5 exf5 13. Nxd6 Nxe5 14. Bxe5 Bxe5 15. Nxf7 Rxf7 16. Nxe5 Rf6 17. f4 b6 18. Qf3 Rb8 19. Rad1 Bb7 20. Qe3 Rd6 21. d3 Qc7 22. Rd2 Rbd8 23. Re2 Ba8 24. Kf2 Qb7 25. Rg1 Qe7 26. Ke1 Qb7 27. h3 Qe7 28. g4 Qh4+ 29. Qg3 Qxg3+ 30. Rxg3 fxg4 31. hxg4 Kg7 32. g5 Rf8 33. Ng4 Rxf4 34. Nh6 Rd7 35. Re8 Rf8 36. Rge3 Bc6 37. R3e7+ Rxe7+ 38. Rxe7+ Kh8 39. Rxa7 Re8+ 40. Kd2 Re5 1-0

[Event "BAN-ch 47th"]
[Site "Dhaka"]
[Date "2022.12.29"]
[Round "13"]
[White "Hossain, Enamul"]
[Black "Shawket Bin, Osman Shaon"]
[Result "1-0"]
[WhiteElo "2372"]
[BlackElo "2088"]
[PlyCount "47"]
[EventDate "2022.12.15"]
[EventType "tourn"]
[EventRounds "13"]
[EventCountry "BAN"]
[EventCategory "1"]
[SourceTitle "CBM 212 Extra"]
[Source "ChessBase"]
[SourceDate "2023.03.31"]
[SourceVersion "1"]
[SourceVersionDate "2023.03.31"]
[SourceQuality "1"]

1. e4 e5 2. Nf3 Nc6 3. Bb5 a6 4. Ba4 g6 5. d4 exd4 6. Nxd4 Bg7 7. Nxc6 bxc6 8. Nc3 Ne7 9. Be3 0-0 10. Qd2 Rb8 11. 0-0-0 d6 12. Bh6 Be6 13. h4 f6 14. Bxg7 Kxg7 15. f4 Bg4 16. Rde1 h5 17. Nd1 Bxd1 18. Qxd1 Qc8 19. f5 Rh8 20. g4 hxg4 21. Qxg4 Rb4 22. Bb3 Nxf5 23. c3 Rxb3 24. exf5 1-0

[Event "BAN-ch 47th"]
[Site "Dhaka"]
[Date "2022.12.24"]
[Round "9"]
[White "Hossain, Enamul"]
[Black "Mohammad Fahad, Rahman"]
[Result "1-0"]
[WhiteElo "2372"]
[BlackElo "2361"]
[PlyCount "113"]
[EventDate "2022.12.15"]
[EventType "tourn"]
[EventRounds "13"]
[EventCountry "BAN"]
[EventCategory "1"]
[SourceTitle "CBM 212 Extra"]
[Source "ChessBase"]
[SourceDate "2023.03.31"]
[SourceVersion "1"]
[SourceVersionDate "2023.03.31"]
[SourceQuality "1"]

1. e4 e5 2. Nf3 Nc6 3. Bc4 Nf6 4. d3 Bc5 5. Bg5 0-0 6. 0-0 h6 7. Bh4 Be7 8. Bg3 d6 9. a4 Kh8 10. a5 a6 11. c3 Nh7 12. Qb3 f5 13. exf5 Rxf5 14. Nbd2 Rb8 15. Bd5 Bd7 16. Rfe1 Rf8 17. Qa2 Ng5 18. d4 Nxf3+ 19. Nxf3 exd4 20. Bxc6 bxc6 21. Nxd4 c5 22. Ne6 Bxe6 23. Rxe6 Qd7 24. Rae1 Bg5 25. h3 Qb5 26. R6e2 c4 27. Re4 Qxb2 28. Qxb2 Rxb2 29. Rxc4 c5 30. Re6 Ra2 31. h4 Bf6 32. Bxd6 Rc8 33. Bf4 Rxa5 34. Bxh6 Ra3 35. Be3 Rxc3 36. Rxc3 Bxc3 37. Rxa6 c4 38. Ra2 Bf6 39. h5 Kg8 40. Kf1 Kf7 41. Ke2 Rb8 42. Ra7+ Ke6 43. Rc7 c3 44. g4 Rb4 45. f4 Rb2+ 46. Kd3 Rh2 47. f5+ Kd5 48. Rc5+ Kd6 49. Bf4+ Kxc5 50. Bxh2 Kd5 51. Bf4 c2 52. g5 Be5 53. Bd2 Bd6 54. Kxc2 Bf8 55. Bc3 Ke4 56. Bxg7 Bxg7 57. f6 1-0

[Event "BAN-ch 47th"]
[Site "Dhaka"]
[Date "2022.12.23"]
[Round "8"]
[White "Manon, Reja Neer"]
[Black "Hossain, Enamul"]
[Result "1-0"]
[WhiteElo "2215"]
[BlackElo "2372"]
[PlyCount "69"]
[EventDate "2022.12.15"]
[EventType "tourn"]
[EventRounds "13"]
[EventCountry "BAN"]
[EventCategory "1"]
[SourceTitle "CBM 212 Extra"]
[Source "ChessBase"]
[SourceDate "2023.03.31"]
[SourceVersion "1"]
[SourceVersionDate "2023.03.31"]
[SourceQuality "1"]

1. e4 e6 2. d4 d5 3. Nc3 Nf6 4. e5 Nfd7 5. f4 c5 6. Nf3 a6 7. Be3 Qb6 8. Na4 Qa5+ 9. c3 cxd4 10. b4 Qc7 11. Qxd4 Nc6 12. Qd2 Be7 13. Bd3 b5 14. Nb2 a5 15. Bxb5 Nxb4 16. 0-0 Na6 17. c4 Bb4 18. Qe2 d4 19. Nxd4 0-0 20. Rfd1 Ndc5 21. Qc2 Ba3 22. Bxa6 Nxa6 23. Nb5 Qe7 24. Na4 Bb4 25. Qf2 Qb7 26. Nb6 Rb8 27. Nd6 Bxd6 28. Rxd6 Nb4 29. Rad1 Qe4 30. a3 Nc6 31. Qf3 Qxf3 32. gxf3 Ne7 33. Bc5 Re8 34. Rd8 Kf8 35. R1d7 1-0